Organizačné modely tvorby inovačného programu v podniku záverečná práca postgraduálneho štúdia

Na minha lista:
Detalhes bibliográficos
Autor principal: Piech, Ivo
Autor Corporativo: Vysoká škola ekonomická v Bratislave
Outros Autores: Leščišin, Michal
Formato: Livro
Idioma:eslovaco
Publicado em: Bratislava 1987
Tags: Adicionar Tag
Sem tags, seja o primeiro a adicionar uma tag!

MARC

LEADER 00000nam a2200000 4500
001 c024563
005 20230116121549.9
041 0 |a slo 
044 |a SK 
245 1 0 |a Organizačné modely tvorby inovačného programu v podniku  |b záverečná práca postgraduálneho štúdia  |c Ivo Piech ; Ved. práce Michal Leščišin 
264 1 |a Bratislava  |c 1987 
300 |a 81 s. 
100 1 |a Piech, Ivo 
700 1 |a Leščišin, Michal 
710 2 |a Vysoká škola ekonomická v Bratislave